PPP projekt - verzus klasická verejná zákazka

Projekty verejno - súkromného partnerstva (PPP). Klasická spolupráca a metóda PPP spolupráce. Základné rozdiely. Oblasti hospodárstva, v ktorých sa uplatňuje PPP spolupráca. Legislatíva v oblasti PPP spolupráce. Asociácia pre podporu PPP spolupráce. Riziká PPP spolupráce.

Salvato in:
Dettagli Bibliografici
Autore principale: Hrašková, Dagmar
Natura: Capitolo di libro
Lingua:slovacco
Soggetti:
Tags: Aggiungi Tag
Nessun Tag, puoi essere il primo ad aggiungerne!!

MARC

LEADER 00000naa a2200000 4500
001 0121511
005 20231120114653.3
041 0 |a slo 
044 |a SK 
245 1 0 |a PPP projekt - verzus klasická verejná zákazka  |c Dagmar Hrašková 
520 |a Projekty verejno - súkromného partnerstva (PPP). Klasická spolupráca a metóda PPP spolupráce. Základné rozdiely. Oblasti hospodárstva, v ktorých sa uplatňuje PPP spolupráca. Legislatíva v oblasti PPP spolupráce. Asociácia pre podporu PPP spolupráce. Riziká PPP spolupráce. 
610 2 0 |a partnerstvo verejno-súkromné 
610 2 0 |a projekty 
610 2 0 |a sektor súkromný 
610 2 0 |a sektor verejný 
610 2 0 |a služby verejné 
610 2 0 |a financovanie 
610 2 0 |a riziko 
610 2 0 |a legislatíva 
100 1 |a Hrašková, Dagmar